| 000 | 00549nam a2200181Ia 4500 | ||
|---|---|---|---|
| 003 | GCL | ||
| 008 | 140319s9999 xx 000 0 ara d | ||
| 040 |
_aGCL / _cGCL |
||
| 082 | 0 | 4 |
_a813.083 _bم ح |
| 100 | 1 | _aمحمود صلاح | |
| 245 | 1 | 0 |
_aهكذا قتلت زوجى وحوادث اخرى / _cمحمود صلاح |
| 260 |
_a[S.N] : _bميدلايت المحدودة ، _c1992 |
||
| 490 |
_aحوادث وقضايا _v0 |
||
| 650 | 0 | 4 | _aالادب العربى |
| 650 | 0 | 4 | _aالحوادث |
| 650 | 0 | 4 | _aالمجموعات |
| 942 |
_2ddc _cBK |
||
| 999 |
_c55434 _d55434 |
||